Score 0/10 Timer 05:00
1 Play Today
% Correct
Christmas
99.9%
Halloween
96.9%
Thanksgiving
94.4%
Valentine's Day
94%
Mothers' Day
92.2%
St. Patrick's Day
92%
Easter
90.4%
New Year's Day
89.5%
Hanukkah
69.7%
Kwanzaa
51.5%
Remove Ads.
Support Sporcle.
Get the best of Sporcle when you Go Orange. This ad-free experience offers more features, more stats, and more fun while also helping to support Sporcle. Thank you for becoming a member.

You're not logged in!

Compare scores with friends on all Sporcle quizzes.
OR
Log In

Show Comments

Extras

Top Quizzes Today


Score Distribution

Your Account Isn't Verified!

In order to create a playlist on Sporcle, you need to verify the email address you used during registration. Go to your Sporcle Settings to finish the process.

Report this User

Report this user for behavior that violates our Community Guidelines.

Details: